| 000 | 00965nam a22002177a 4500 | ||
|---|---|---|---|
| 999 |
_c20501 _d20501 |
||
| 003 | OSt | ||
| 005 | 20240815124759.0 | ||
| 008 | 240815b ||||| |||| 00| 0 eng d | ||
| 040 | _c0 | ||
| 082 | _aDPer 507 J826 September 2019 - June 2020 v.49 n. 1-5 | ||
| 100 |
_aTrawick, Cynthia. _eauthor. _957901 |
||
| 245 |
_aK-12 DREAMS to teach program at morehouse college: _bchallenges and opportunities creating the next generation of African American male STEM teachers / _cCynthia Trawick, Thema Monroe-White, Jigsa A. Tola, Jamie P. Clayton, and J.K. Haynes |
||
| 260 |
_aArlington USA; v _bNational Science Teaching Association, _cMay/June 2020. |
||
| 300 |
_avolume 49, pages 68-75, _billustration. |
||
| 700 |
_aTrawick, Cynthia. _eauthor. _957901 |
||
| 700 |
_aMonroe-White, Thema. _eauthor. _957902 |
||
| 700 |
_aTola, Jigsa A. _eauthor. _957903 |
||
| 700 |
_aClayton, Jamie P. _eauthor. _957904 |
||
| 700 |
_aHaynes, J.K. _eauthor. _957905 |
||
| 942 |
_2ddc _cPER |
||